00443nam a2200145Ia 4500008004100000020001500041041000800056082002400064100001600088245009000104260004700194300000800241365001100249650003700260140306s9999 xx 000 0 und d a817100282X aeng a307.1412bKHA/RU .3 aKhanna, B S aRural development in south Asia V.3 Bangaladesh policies, programmes and organisation aNew DelhibDeep and Deep Publicationc1991 a227 bRs.240 aRural human resource development